000 04934nam a2200601 c 4500
003 BLK
005 20230421130413.0
008 180411b bul|||||r ||||||| ||bul||
010 _aKNG00205837000
020 _a978-954-8104-35-7
_bиздат.: Науч.-информ. център Бълг. енциклопедия - (Научн.-информ. център Бълг. енциклопедия)(подв.)
020 _a978-954-322-825-6
_bиздат.: Акад. изд. Проф. Марин Дринов - (Акад. изд. Проф. Марин Дринов)(подв.)
040 _aBLK
041 _aBUL
_cBUL
_hENG
080 _aПаметници на културата на историческите периоди. Археологическите паметници. Старини
_b904
_x(497.2)
_z904(497.2)
100 1 _aСтанчева, Магдалина Михайлова
_eпърви автор
_9364843
700 1 _aАтанасов, Васил Боянов
_eпрев. на англ.
_9376722
700 1 _aЧалъков, Никола Бориславов
_eпрев. на англ.
_9347449
700 1 _aГергова, Диана Спасова
_e*
_9365120
700 1 _aЧичикова, Мария Константинова
_e*
_9380973
700 1 _aОгненова-Маринова, Люба Левова
_e*
_9104400
700 1 _aКойнова-Арнаудова, Лозинка Велинова
_e*
_9385587
700 1 _aМавродинова, Лиляна Николова
_e*
_9385588
700 1 _aМазакова, Албена Стоянова
_e*
_9347450
700 1 _aГеоргиев, Кирил Александров
_e*
_9347451
700 1 _aСантова, Мила Христова
_e*
_9364872
700 1 _aМичев, Таню Манев
_e*
_9366515
700 1 _aСтойнева, Майя Петрова
_e*
_9381863
700 1 _aКиселкова, Александра Иванова
_e*
_9385589
700 1 _aПетрова, Лиляна Данкова
_e*
_9347452
700 1 _aПанайотова-Киселкова, Александра Иванова
_e*
_9347453
139 _aСветовното наследство на България
_bС 25
245 1 0 _aСветовното наследство на България
_cМагдалина Михайлова Станчева; прев. на англ. Васил Боянов Атанасов; прев. на англ. Никола Бориславов Чалъков; * Диана Спасова Гергова; * Мария Константинова Чичикова; * Люба Левова Огненова-Маринова; * Лозинка Велинова Койнова-Арнаудова; * Лиляна Николова Мавродинова; * Албена Стоянова Мазакова; * Кирил Александров Георгиев; * Мила Христова Сантова; * Таню Манев Мичев; * Майя Петрова Стойнева; * Александра Иванова Киселкова; * Лиляна Данкова Петрова; * Александра Иванова Панайотова-Киселкова.
246 1 1 _aWorld Heritage of Bulgaria
250 _a2. доп. изд.
257 _aBGR
260 София
_bНауч.-информ. център Бълг. енциклопедия
_bАкад. изд. Проф. Марин Дринов
_c2016
_fСофия : печ. на изд. на БАН Проф. Марин Дринов
300 _a252 с.
_bс цв. ил.
_c22Х24 см
380 _a9
500 _a1. изд. 2010. - Други авт.: Д. Гергова, М. Чичикова, Л. Огненова-Маринова, Л. Койнова-Арнаудова, Л. Мавродинова, А. Мазакова, К. Георгиев, М. Сантова, Т. Мичев, М. Стойнева, Ал. Киселкова, Л. Петрова ; Пълното име на Александра Иванова Киселкова е Александра Иванова Панайотова-Киселкова. - Съдържа и Към читателите ; История на България - кратка хроника ; Лични имена, географски имена и термини.
650 4 _aКултурно-историческо наследство - България
_9335838
650 4 _aБългария - старини
_9262139
650 4 _aБългария - паметници на културата
_9340984
651 4 _aБългария
_9241624
653 _aкултурно-историческо наследство
653 _aпаметници на културата
659 _aН
720 _a[Magdalina Mihailova Stancheva ... и др.] ; [ed. by Magdalina Mihailova Stancheva]
_eпаралелен автор
852 _aЦб 285401
856 4 _qpdf
_u
856 4 _qpdf
_u
942 _cKNG
_n0
_02
944 _aCR
_c04.05.2017
_lф /
_kВиолета_Тройчева
944 _aED
_c29.09.2017
_lф /
_kВиолета_Тройчева
999 _c196564
_d196564